000 01209naa a22003137a 4500
001 BR6010342
003 BR-BrBNA
005 20240918173209.0
007 ta
008 230509b bl.||||| |||| 00| 0 por d
040 _aBR-BrBNA
_bpor
_cBiblioteca Nacional de Agricultura
041 _a(Pt)
072 _aH60
_b1000
_b3876
090 _aH60 BR6010342
100 1 _aMoreira, O.R. e S.
100 1 _aRussing, C.
111 1 _a5. Seminario Brasileiro de Herbicidas e Ervas Daninhas
_cCruz das Almas, BA (Brazil)
_d27 Jul 1964
245 1 _aEstudo de nove praticas de cultivo do solo em pomar citrico no planalto paulista [herbicida, controle quimico, Brasil]
260 3 _aCruz das Almas, BA (Brasil):
_c1964.
500 _aAnais do 5. Seminario Brasileiro de Herbicidas e Ervas Daninhas Cruz das Almas, BA (Brasil): 1964. p. 257-258 (BR6010342-AM)H60
650 _aERVA DANINHA
650 _aFRUTA CITRICA
650 _aHERBICIDA
650 _aCONTROLE QUIMICO
650 _aSAO PAULO
773 0 _tAnais do 5. Seminario Brasileiro de Herbicidas e Ervas Daninhas
_wH60 BR6010342
_gCruz das Almas, BA (Brasil), 1964. p. 257-258
909 _a202404
_bLucia
_c55
_dLucia Elande
942 _cAM
_2AGRIS
999 _c303409
_d303409